Chapman Library

Business mathematics (Record no. 800)

000 -LEADER
fixed length control field 00303nam a22001337a 4500
020 ## - INTERNATIONAL STANDARD BOOK NUMBER
ISBN 9988592507
050 ## - LIBRARY OF CONGRESS CALL NUMBER
Classification number HF5691
100 ## - MAIN ENTRY--AUTHOR NAME
Personal name Peer, s.
Personal name Wybornm, G.
245 ## - TITLE STATEMENT
Title Business mathematics
260 ## - PUBLICATION, DISTRIBUTION, ETC. (IMPRINT)
Place of publication London
Name of publisher CIMA Publishing
Year of publication 2000
300 ## - PHYSICAL DESCRIPTION
Number of Pages xxxi, 436p.:ill.includes index
942 ## - ADDED ENTRY ELEMENTS (KOHA)
Koha item type Books
Holdings
Koha item type Collection code Shelving location Accession Number Permanent Location Current Location Date acquired Full call number
BooksLendingLending1436Chapman LibraryChapman Library2016-05-05HF1436pee


CSUC Chapman Library is a Koha Automated Library.


Contact us: library@csuc.edu.gh.